000 00516nam a2200229Ia 4500
001 11954
003 GE_BSU
008 181216s||||||||xx |||||||||||||| ||und||
020 _a9780073381206
020 _c303Gel.
040 _cGE_BSU
080 _a327
100 _aLewicki, Roy,David Saunders, Bruce Barry
245 _aNegotation.
250 _aEdition 6
260 _aBoston
260 _bMcGraw-Hill Higher Education
260 _c2010
300 _a632p.23cm.
653 _aNegotation.
942 _cBK
999 _c45131
_d45131